[Event "Cali Region-ch"]
[Site "Cali"]
[Date "2017.05.01"]
[Round "6"]
[White "Benavides, Juan Jose"]
[Black "Mateus, Juan Miguel"]
[Result "0-1"]
[WhiteElo "1591"]
[BlackElo "1568"]
[PlyCount "112"]
[EventDate "2017.04.28"]
[EventType "swiss"]
[EventRounds "7"]
[EventCountry "COL"]
[SourceTitle "CBM 178 Extra"]
[Source "ChessBase"]
[SourceDate "2017.06.22"]
[SourceVersion "1"]
[SourceVersionDate "2017.06.22"]
[SourceQuality "1"]

1. d4 Nf6 2. g3 d5 3. Bg2 Bf5 4. Nf3 e6 5. 0-0 c5 6. e3 Nc6 7. a3 Bd6 8. b3 0-0 9. Bb2 Rc8 10. c4 dxc4 11. bxc4 cxd4 12. exd4 b6 13. Ne5 Ne7 14. Nd2 h6 15. Ndf3 Nd7 16. Rc1 Nxe5 17. Nxe5 Bxe5 18. dxe5 Qxd1 19. Rfxd1 Rc7 20. Bf1 Rfc8 21. Bc3 Nc6 22. f4 Nb8 23. Rd2 Nd7 24. Rcd1 Nc5 25. Bb4 Kh7 26. Bxc5 Rxc5 27. Rd7 R8c7 28. Rxc7 Rxc7 29. Kf2 Bg4 30. Rd4 Kg6 31. Ke1 Rc5 32. Kd2 Bf5 33. Kc3 Kh5 34. Rd7 Ra5 35. Kb4 Kg6 36. Rc7 Bc2 37. Kc3 Be4 38. Kb2 f6 39. exf6 Kxf6 40. Rd7 g6 41. Rd6 Rh5 42. h4 Ke7 43. Rd4 Bc6 44. Bd3 Kf6 45. Rd6 Rc5 46. g4 b5 47. Rd4 bxc4 48. Bxc4 Bb5 49. Bb3 Rc6 50. Ba4 Bxa4 51. Rxa4 a6 52. Re4 Rc5 53. Rb4 h5 54. g5+ Kf5 55. a4 Rc6 56. a5 Rc5 0-1

[Event "Cali Region-ch"]
[Site "Cali"]
[Date "2017.04.28"]
[Round "1"]
[White "Plazas, Alfonso"]
[Black "Mateus, Juan Miguel"]
[Result "1-0"]
[WhiteElo "1967"]
[BlackElo "1568"]
[PlyCount "97"]
[EventDate "2017.04.28"]
[EventType "swiss"]
[EventRounds "7"]
[EventCountry "COL"]
[SourceTitle "CBM 178 Extra"]
[Source "ChessBase"]
[SourceDate "2017.06.22"]
[SourceVersion "1"]
[SourceVersionDate "2017.06.22"]
[SourceQuality "1"]

1. e4 c5 2. Nc3 d6 3. Nf3 a6 4. d4 cxd4 5. Nxd4 Nf6 6. Bc4 e6 7. Bb3 Be7 8. 0-0 0-0 9. Be3 b5 10. a3 Qc7 11. f4 Nc6 12. Qf3 Nxd4 13. Bxd4 Bb7 14. f5 exf5 15. Qxf5 Bc8 16. Qf4 Be6 17. Nd5 Nxd5 18. exd5 Bd7 19. Rae1 Rae8 20. Bxg7 Kxg7 21. Rxe7 Rxe7 22. Qg5+ Kh8 23. Qxe7 Qd8 24. Qxd6 f5 25. Qe5+ Qf6 26. Qxf6+ Rxf6 27. Re1 Rf8 28. Re7 Bc8 29. Kf2 f4 30. h4 Bg4 31. c3 h5 32. Bc2 f3 33. g3 Rb8 34. Bg6 Kg8 35. Re8+ Rxe8 36. Bxe8 Kf8 37. Bc6 Ke7 38. Bb7 a5 39. Ba6 Kd6 40. Bxb5 Kxd5 41. Bd3 Ke5 42. b3 Be6 43. Bc2 Bg4 44. a4 Kd5 45. Ke3 Ke5 46. Bd3 Be6 47. Bc2 Bg4 48. b4 axb4 49. cxb4 1-0